|
|
|
|
| LEADER |
01415nam a2200361 a 4500 |
| 001 |
EBC540087 |
| 003 |
MiAaPQ |
| 005 |
20200520144314.0 |
| 006 |
m o d | |
| 007 |
cr cn||||||||| |
| 008 |
100629s2010 njuad sbf 001 0 eng d |
| 020 |
|
|
|z 9781576603345
|
| 020 |
|
|
|z 9780470879078 (e-book)
|
| 035 |
|
|
|a (MiAaPQ)EBC540087
|
| 035 |
|
|
|a (Au-PeEL)EBL540087
|
| 035 |
|
|
|a (CaPaEBR)ebr10392557
|
| 035 |
|
|
|a (CaONFJC)MIL268534
|
| 035 |
|
|
|a (OCoLC)642662031
|
| 040 |
|
|
|a MiAaPQ
|c MiAaPQ
|d MiAaPQ
|
| 050 |
|
4 |
|a HG4650
|b .C46 2010
|
| 100 |
1 |
|
|a Choudhry, Moorad.
|
| 245 |
1 |
0 |
|a Fixed-income securities and derivatives handbook
|h [electronic resource] /
|c Moorad Choudhry.
|
| 250 |
|
|
|a 2nd ed.
|
| 260 |
|
|
|a Hoboken, N.J. :
|b Bloomberg Press,
|c 2010.
|
| 300 |
|
|
|a xix, 475 p. :
|b ill.
|
| 504 |
|
|
|a Includes bibliographical references (p. 451-462) and index.
|
| 505 |
0 |
|
|a pt. 1. Introduction to bonds -- pt. 2. Selected cash and derivative instruments -- pt. 3. Selected market trading considerations.
|
| 533 |
|
|
|a Electronic reproduction. Ann Arbor, MI : ProQuest, 2015. Available via World Wide Web. Access may be limited to ProQuest affiliated libraries.
|
| 650 |
|
0 |
|a Fixed-income securities.
|
| 650 |
|
0 |
|a Derivative securities.
|
| 655 |
|
4 |
|a Electronic books.
|
| 710 |
2 |
|
|a ProQuest (Firm)
|
| 856 |
4 |
0 |
|u https://ebookcentral.proquest.com/lib/matrademy/detail.action?docID=540087
|z Click to View
|